000 01590cam a2200361 4500
008 030915n2002 000 0 eng u
020 _a0117536261
035 _a(Sirsi) u123587
041 _aeng
050 _a711.309425
_c18
110 _aGovernment Office for the East Midlands
_94525
245 _aRegional planning guidance for the East Midlands to 2021 (RPG8)
260 _aLondon
_bStationery Office
_c2002
300 _aiii, 114p.
_c30cm.
350 _a22
490 _aRPG
_v8
520 _aCovers the counties of Derbyshire, Leicestershire, Lincolnshire, Northamptonshire and Nottinghamshire, and includes the unitary authorities of Derby, Leicester, Nottingham and Rutland. For land use planning and regional strategy purposes, the whole of the Peak District National Park is treated as part of the East Midlands region. View RPG8 at www.go-em.gov.uk/planning/. Not found when searched for online 28/11/11
520 _aSupersedes 1994 edition (ISBN 011752929X).
650 _aDERBYSHIRE
650 _aLEICESTERSHIRE
650 _aLINCOLNSHIRE
650 _aNORTHAMPTONSHIRE
650 _aNOTTINGHAMSHIRE
650 _aPEAK DISTRICT
650 _aEAST MIDLANDS
650 _aREGIONAL PLANNING
650 _aREGIONAL PLANNING GUIDANCE
650 _aRPG8
690 _aENVIRONMENTAL AND LAND CONSULTANCY-PLANNING AND DEVELOPMENT
710 _aDepartment for Transport, Local Government and the Regions
_94091
856 _uhttps://www.go-em.gov.uk/planning/rpg.php
_zView RPG8 on the Government Office for the East Midlands website...
942 _n0
999 _c103063
_d103063